Pengurusan / (Record no. 2889)

000 -LEADER
fixed length control field nam a22 a 4500
003 - CONTROL NUMBER IDENTIFIER
control field AKMAL
005 - DATE AND TIME OF LATEST TRANSACTION
control field 20170518145834.0
008 - FIXED-LENGTH DATA ELEMENTS--GENERAL INFORMATION
fixed length control field 170518s1991 my a00 may d
020 ## - INTERNATIONAL STANDARD BOOK NUMBER
International Standard Book Number 9836219293 (kkt):
Terms of availability RM 35.00
040 ## - CATALOGING SOURCE
Original cataloging agency AKMAL
Transcribing agency AKMAL
041 1# - LANGUAGE CODE
Language code of text/sound track or separate title may
Language code of original eng
049 ## - LOCAL HOLDINGS (OCLC)
Holding library mal
082 04 - DEWEY DECIMAL CLASSIFICATION NUMBER
Classification number 658 KOO
090 ## - LOCALLY ASSIGNED LC-TYPE CALL NUMBER (OCLC); LOCAL CALL NUMBER (RLIN)
Classification number (OCLC) (R) ; Classification number, CALL (RLIN) (NR) 658
Local cutter number (OCLC) ; Book number/undivided call number, CALL (RLIN) KOO
090 ## - LOCALLY ASSIGNED LC-TYPE CALL NUMBER (OCLC); LOCAL CALL NUMBER (RLIN)
Classification number (OCLC) (R) ; Classification number, CALL (RLIN) (NR) 658
Local cutter number (OCLC) ; Book number/undivided call number, CALL (RLIN) KOO
100 1# - MAIN ENTRY--PERSONAL NAME
Personal name Koontz, Harold,
Dates associated with a name 1908-
9 (RLIN) 6053
245 1# - TITLE STATEMENT
Title Pengurusan /
Statement of responsibility, etc. Harold Koontz, Heinz Wiehrich ; Mohd. Salmi Mohd Sohod, Siti Nadzrah Sheikh Omar
260 ## - PUBLICATION, DISTRIBUTION, ETC.
Place of publication, distribution, etc. Kuala Lumpur :
Name of publisher, distributor, etc. Dewan Bahasa dan Pustaka ,
Date of publication, distribution, etc. 1990
300 ## - PHYSICAL DESCRIPTION
Extent xxxi, 703ms. :
Other physical details il. ;
Dimensions 25cm
500 ## - GENERAL NOTE
General note Mengandungi index
500 ## - GENERAL NOTE
General note Terjemahan dari: Management. 9th ed.
504 ## - BIBLIOGRAPHY, ETC. NOTE
Bibliography, etc. note Mengandungi rujukan bibliografi
650 ## - SUBJECT ADDED ENTRY--TOPICAL TERM
Topical term or geographic name entry element Management
9 (RLIN) 1462
700 1# - ADDED ENTRY--PERSONAL NAME
Personal name Wiehrich, Heinz
9 (RLIN) 6072
700 0# - ADDED ENTRY--PERSONAL NAME
Personal name Mohd. Salmi Mohd. Sohod
9 (RLIN) 6073
700 0# - ADDED ENTRY--PERSONAL NAME
Personal name Siti Nadzrah Sheikh Omar
9 (RLIN) 6074
942 ## - ADDED ENTRY ELEMENTS (KOHA)
Source of classification or shelving scheme
Koha item type Book
Holdings
Withdrawn status Lost status Source of classification or shelving scheme Damaged status Not for loan Collection code Home library Current library Date acquired Inventory number Total Checkouts Full call number Barcode Date last seen Price effective from Koha item type
          NON-FICTION AKMAL Melaka AKMAL Melaka 18.05.2017 601923   658 KOO 201704102 18.05.2017 18.05.2017 Book
          NON-FICTION AKMAL Melaka AKMAL Melaka 18.05.2017 602324   658 KOO 201704103 18.05.2017 18.05.2017 Book
Pusat Sumber Maklumat Dato' Haji Sarmin Md Hussin, Akademi Kastam Diraja Malaysia, Melaka
Tel: 06-2331106 | Faks: 06-2313787